Topology for beginners / (Record no. 616420)

000 -LEADER
fixed length control field 01182cam a2200385 i 4500
001 - CONTROL NUMBER
control field 22874075
003 - CONTROL NUMBER IDENTIFIER
control field NUST
005 - DATE AND TIME OF LATEST TRANSACTION
control field 20260225141558.0
008 - FIXED-LENGTH DATA ELEMENTS--GENERAL INFORMATION
fixed length control field 221121s2022 pk a 000 0 eng d
010 ## - LIBRARY OF CONGRESS CONTROL NUMBER
LC control number 2022286869
015 ## - NATIONAL BIBLIOGRAPHY NUMBER
National bibliography number GBC2F0209
Source bnb
016 7# - NATIONAL BIBLIOGRAPHIC AGENCY CONTROL NUMBER
Record control number 020724313
Source Uk
020 ## - INTERNATIONAL STANDARD BOOK NUMBER
International Standard Book Number 9789697341825
Qualifying information (pbk.)
020 ## - INTERNATIONAL STANDARD BOOK NUMBER
International Standard Book Number 9697341826
Qualifying information (pbk.)
035 ## - SYSTEM CONTROL NUMBER
System control number 22874075
035 ## - SYSTEM CONTROL NUMBER
System control number (OCoLC)1346320931
040 ## - CATALOGING SOURCE
Original cataloging agency UKMGB
Language of cataloging eng
Transcribing agency UKMGB
Description conventions rda
Modifying agency DLC
042 ## - AUTHENTICATION CODE
Authentication code lccopycat
050 00 - LIBRARY OF CONGRESS CALL NUMBER
Classification number QA611
Item number .M76 2022
082 04 - DEWEY DECIMAL CLASSIFICATION NUMBER
Classification number 514
Author Mark MUH
100 1# - MAIN ENTRY--PERSONAL NAME
Personal name Muhammad, Noor,
Dates associated with a name 1951-2004,
Relator term author.
9 (RLIN) 133253
245 10 - TITLE STATEMENT
Title Topology for beginners /
Statement of responsibility, etc. Noor Muhammad, Asghar Qadir, Imran Parvez Khan.
264 #1 - PRODUCTION, PUBLICATION, DISTRIBUTION, MANUFACTURE, AND COPYRIGHT NOTICE
Place of production, publication, distribution, manufacture Karachi :
Name of producer, publisher, distributor, manufacturer Oxford University Press,
Date of production, publication, distribution, manufacture, or copyright notice 2022.
300 ## - PHYSICAL DESCRIPTION
Extent 194 pages :
Other physical details illustrations ;
Dimensions 24 cm
336 ## - CONTENT TYPE
Content type term text
Source rdacontent
336 ## - CONTENT TYPE
Content type term still image
Source rdacontent
337 ## - MEDIA TYPE
Media type term unmediated
Source rdamedia
338 ## - CARRIER TYPE
Carrier type term volume
Source rdacarrier
590 ## - LOCAL NOTE (RLIN)
Linkage (RLIN) .
650 #0 - SUBJECT ADDED ENTRY--TOPICAL TERM
Topical term or geographic name entry element Topology.
9 (RLIN) 8513
700 1# - ADDED ENTRY--PERSONAL NAME
Personal name Qadir, Asghar,
Relator term author.
9 (RLIN) 8696
700 1# - ADDED ENTRY--PERSONAL NAME
Personal name Khan, Imran Parvez,
Relator term author.
9 (RLIN) 133254
906 ## - LOCAL DATA ELEMENT F, LDF (RLIN)
a 7
b cbc
c copycat
d 2
e ncip
f 20
g y-gencatlg
942 ## - ADDED ENTRY ELEMENTS (KOHA)
Source of classification or shelving scheme
Koha item type Book
Edition 1st
Call number prefix 514 MUH
Holdings
Withdrawn status Lost status Source of classification or shelving scheme Damaged status Not for loan Permanent Location Current Location Date acquired Total Checkouts Full call number Barcode Date last seen Price effective from Koha item type
          School of Civil and Environmental Engineering (SCEE) School of Civil and Environmental Engineering (SCEE) 02/25/2026   514 / MUH NIT-13786 02/25/2026 02/25/2026 Book
© 2023 Central Library, National University of Sciences and Technology. All Rights Reserved.